00658nam a22001937a 450000500170000001000130001702000260003003500120005603700160006808200080008410000240009224500840011624600950020026000610029527000310035630000210038770000240040870000320043220220906104645.0 aUR-11705 a9788194995470c300.00 aU-10260 bDBAD/PUBa- a841 aکیفی اعظمی aاردو شاعری کا سورخ پھول /cکیفی اعظمی hا ر د و aUrdu Shairi ka Surkh Phool /bby Kaifi Azmi : ed. by Farooq Bakhshi [and] Muhammed Aman AK aHyderabadc2021 ءbThe Progressive Writer's Association aTelangana StatebHyderabad a296 صc22cm(Hb) aفاروق بخشی aمحمد امان اے کے